| 000 | 00397nam a2200145Ia 4500 | ||
|---|---|---|---|
| 005 | 20250404072218.0 | ||
| 008 | 240331s9999 xx 000 0 und d | ||
| 082 |
_bSUB _a894 |
||
| 100 | _aSubramanian, N | ||
| 245 | 0 | _aTamil aayviyalil kalanithi K.Kailasapathy | |
| 260 |
_aColombo _bVasantham ( Pvt) Ltd _c1999 |
||
| 300 | _a123 p ., | ||
| 500 | _aKailasapathy in Tamilology - A study | ||
| 942 | _cL | ||
| 999 |
_c5542 _d5542 |
||